Svedectvo
| Format: | Journal |
|---|---|
| Language: | Slovak |
| PhysicalDescription: | zv. 30 cm |
| Published: |
Bratislava
Konfederácia politických väzňov Slovenska
1991-
Bratislava Zväz protikomunistického odboja Bratislava Politickí väzni Zväzu protikomunistického odboja |
| ISSN: | 1338-404X |
| Subjects: | |
| Online Access: | http://www.pv-zpko.sk/casopis-svedectvo/ |
MARC
| LEADER | 00000cas a2200000 a 4500 | ||
|---|---|---|---|
| 001 | vtls008419806 | ||
| 003 | SK-MaSNL | ||
| 005 | 20260425194114.0 | ||
| 008 | 051220c19929999xo mr p 0 b0slo | ||
| 022 | |a 1338-404X | ||
| 035 | |a (SVKBB03)vtls000039009 | ||
| 040 | |a SVKPO |b slo |c SVKPO |d SNK |d SAVUK |d SVKBB |e AACR2 | ||
| 041 | 0 | |a slo | |
| 043 | |a e-xo--- | ||
| 044 | |a xo |c SK | ||
| 072 | 7 | |a 323 |x Vnútropolitický vývoj, politický život |2 konspekt | |
| 080 | |a 323.25/.26:329.15 |2 2001 | ||
| 080 | |a 061.23 |2 2001 | ||
| 080 | |a 050 |2 2001 | ||
| 080 | |a (437.6) |2 2001 | ||
| 210 | 0 | |a Svedectvo | |
| 222 | 0 | |a Svedectvo | |
| 245 | |a Svedectvo | ||
| 260 | |a Bratislava |b Konfederácia politických väzňov Slovenska |c 1991- | ||
| 260 | 2 | |3 10/1999-5/2007 |a Bratislava |b Zväz protikomunistického odboja | |
| 260 | 3 | |3 6/2007- |a Bratislava |b Politickí väzni Zväzu protikomunistického odboja | |
| 300 | |a zv. |c 30 cm | ||
| 310 | |a 1x mesačne | ||
| 362 | 0 | |a [1991] ; Roč. 1, č. 1 (1992) - | |
| 500 | |a Registračné č.: 508/91 ; EV 3851/09 | ||
| 500 | |a Podnázov v tiráži: mesačník Konfederácie politických väzňov Slovenska, od č. 10/1999: mesačník Zväzu protikomunistického odboja, od č. 4/2011: mesačník Politických väzňov Zväzu protikomunistického odboja | ||
| 500 | |a Podnázov od č. 2/1992: časopis Konfederácie politických väzňov Slovenska, od č. 5/1992: časopis Konfederácie politických väzňov, od č. 2/1995: časopis Konfederácie politických väzňov Slovenska, od č. 12/1996 podznázov len v tir., v č. 3/1997: časopis polemík a tabuizovaných faktov, od č. 4/1997: časopis tabuizovaných faktov | ||
| 500 | |a Redaktori sa menia | ||
| 515 | |a Rok 2007 má dva ročníky: roč. 16, č. 1, roč. 17, č. 2-12 | ||
| 515 | |a Niektoré čísla vychádzajú ako dvojčíslo | ||
| 650 | 0 | 7 | |a protikomunistický odboj |2 SNKPH |9 4749 |
| 650 | 0 | 7 | |a občianske združenia |2 SNKPH |9 29132 |
| 651 | 7 | |a Slovensko |2 SNKPHgeo |9 14231 | |
| 655 | 7 | |a politické časopisy |2 SNKPH |9 265985 | |
| 850 | |a Štátna vedecká knižnica v Prešove | ||
| 852 | |a Štátna vedecká knižnica v Banskej Bystrici | ||
| 856 | 4 | 1 | |u http://www.pv-zpko.sk/casopis-svedectvo/ |
| 910 | |a savuk | ||
| 910 | |a snk | ||
| 916 | |a 1992-2015 | ||
| 999 | |c 4035 |d 5965 | ||
| 952 | |t č. 1-12 |a SNK |b SNK |y PREZ |7 0 |p 17A1525072 |o snkČSB 4323/31/2021 D1 |i snk2024/17476 |8 0 |0 0 |1 0 |4 0 |d 2024-11-19 |l 0 |r 2026-02-21 19:29:42 |w 2026-02-21 | ||
| 952 | |t č. 1-12 |a SNK |b SNK |y PREZ |7 0 |p 17A1525073 |o snkČSB 4323/32/2022 D1 |i snk2024/17478 |8 0 |0 0 |1 0 |4 0 |d 2024-11-19 |l 0 |r 2026-02-21 19:29:43 |w 2026-02-21 | ||
| 952 | |t č. 1-12 |a SNK |b SNK |y PREZ |7 0 |p 17A1525074 |o snkČSB 4323/33/2023 |i snk2024/17480 |8 0 |0 0 |1 0 |4 0 |d 2024-11-19 |l 0 |r 2026-02-21 19:29:44 |w 2026-02-21 | ||
| 952 | |t č. 1-12 |a SNK |b SNK |y PREZ |7 0 |p 17A0481386 |o snkČSB 4323/8/1999 |i snkČSP 2589/2004 |8 0 |f 1 |0 0 |1 0 |4 0 |d 2005-08-22 |l 0 |r 2026-02-21 19:29:55 |w 2026-02-21 | ||
| 952 | |t č. 1-12 |a SNK |b SNK |y PREZ |7 0 |p 17A0938859 |o snkČSB 4323/9/2000 |i snkČSP 2587/2004 |f 1 |0 0 |1 0 |4 0 |d 2015-08-11 |l 0 |r 2026-02-21 19:46:19 |w 2026-02-21 | ||
| 952 | |t č. 1-12 |a SNK |b SNK |y PREZ |7 0 |p 17A0961333 |o snkČSB 4323/10/2001 |i snkČSP 2583/2004 |f 1 |0 0 |1 0 |4 0 |d 2015-08-11 |l 0 |r 2026-02-21 19:46:20 |w 2026-02-21 | ||
| 952 | |t č. 1-12 |a SNK |b SNK |y PREZ |7 0 |p 17A0961351 |o snkČSB 4323/11/2002 |i snkČSP 2585/2004 |f 1 |0 0 |1 0 |4 0 |d 2015-08-11 |l 0 |r 2026-02-21 19:46:20 |w 2026-02-21 | ||
| 952 | |t č. 1-12 |a SNK |b SNK |y PREZ |7 0 |p 17A0938854 |o snkČSB 4323/6/1997 |i snkČSP 618/99 |f 1 |0 0 |1 0 |4 0 |d 2015-08-11 |l 0 |r 2026-02-21 19:46:20 |w 2026-02-21 | ||
| 952 | |t č. 1-12 |a SNK |b SNK |y PREZ |7 0 |p 17A0938855 |o snkČSB 4323/5/1996 |i snkČSP 616/99 |f 1 |0 0 |1 0 |4 0 |d 2015-08-11 |l 0 |r 2026-02-21 19:46:20 |w 2026-02-21 | ||
| 952 | |t č. 1-12 |a SNK |b SNK |y PREZ |7 0 |p 17A0938857 |o snkČSB 4323/4/1995 |i snkČSP 614/99 |f 1 |0 0 |1 0 |4 0 |d 2015-08-11 |l 0 |r 2026-02-21 19:46:20 |w 2026-02-21 | ||
| 952 | |t č. 1-12 |a SNK |b SNK |y PREZ |7 0 |p 17A0938837 |o snkČSB 4323/3/1994 |i snkČSP 612/99 |f 1 |0 0 |1 0 |4 0 |d 2015-08-11 |l 0 |r 2026-02-21 19:46:20 |w 2026-02-21 | ||
| 952 | |t č. 1-12 |a SNK |b SNK |y PREZ |7 0 |p 17A0938841 |o snkČSB 4323/2/1993 |i snkČSP 3293/94 |f 1 |0 0 |1 0 |4 0 |d 2015-08-11 |l 0 |r 2026-02-21 19:46:20 |w 2026-02-21 | ||
| 952 | |t č. 1-12 |a SNK |b SNK |y PREZ |7 0 |p 17A0938849 |o snkČSB 4323/1/1992 |i snkČSP 3295/94 |f 1 |0 0 |1 0 |4 0 |d 2015-08-11 |l 0 |r 2026-02-21 19:46:20 |w 2026-02-21 | ||
| 952 | |t č. 1-3 |a SNK |b SNK |y PREZ |7 3 |p 17A1145826 |o snkČSB 4323/12/2003/1 |i snk2015/24178 |8 0 |0 0 |1 0 |4 0 |d 2015-08-11 |l 0 |r 2026-02-21 19:46:20 |w 2026-02-21 | ||
| 952 | |t č. 1-12 |a SNK |b SNK |y PREZ |7 0 |p 17A1266367 |o snkČSB 4323/12/2003 D1 |i snk2015/24179 |8 0 |z ; |0 0 |1 0 |4 0 |d 2015-08-11 |l 0 |r 2026-02-21 19:46:20 |w 2026-02-21 | ||
| 952 | |t č. 1-12 |a SNK |b SNK |y PREZ |7 0 |p 17A1145828 |o snkČSB 4323/13/2004 |i snk2015/24181 |8 0 |f 1 |0 0 |1 0 |4 0 |d 2015-08-11 |l 0 |r 2026-02-21 19:46:20 |w 2026-02-21 | ||
| 952 | |t č. 1-12 |a SNK |b SNK |y PREZ |7 0 |p 17A1145829 |o snkČSB 4323/13/2004 D1 |i snk2015/24182 |8 0 |0 0 |1 0 |4 0 |d 2015-08-11 |l 0 |r 2026-02-21 19:46:20 |w 2026-02-21 | ||
| 952 | |t č. 1-12 |a SNK |b SNK |y PREZ |7 0 |p 17A1145830 |o snkČSB 4323/14/2005 |i snk2015/24184 |8 0 |f 1 |0 0 |1 0 |4 0 |d 2015-08-11 |l 0 |r 2026-02-21 19:46:20 |w 2026-02-21 | ||
| 952 | |t č. 1-12 |a SNK |b SNK |y PREZ |7 0 |p 17A1145831 |o snkČSB 4323/14/2005 D1 |i snk2015/24185 |8 0 |0 0 |1 0 |4 0 |d 2015-08-11 |l 0 |r 2026-02-21 19:46:20 |w 2026-02-21 | ||
| 952 | |t č. 1-12 |a SNK |b SNK |y PREZ |7 0 |p 17A1145832 |o snkČSB 4323/15/2006 |i snk2015/24186 |8 0 |f 1 |0 0 |1 0 |4 0 |d 2015-08-11 |l 0 |r 2026-02-21 19:46:20 |w 2026-02-21 | ||
| 952 | |t č. 1-12 |a SNK |b SNK |y PREZ |7 0 |p 17A1145833 |o snkČSB 4323/15/2006 D1 |i snk2015/24187 |8 0 |0 0 |1 0 |4 0 |d 2015-08-11 |l 0 |r 2026-02-21 19:46:20 |w 2026-02-21 | ||
| 952 | |t č. 1-12 |a SNK |b SNK |y PREZ |7 0 |p 17A1145834 |o snkČSB 4323/16/2007 |i snk2015/24190 |8 0 |z Od č. 2 označený ako roč. 17 ; |f 1 |0 0 |1 0 |4 0 |d 2015-08-11 |l 0 |r 2026-02-21 19:46:20 |w 2026-02-21 | ||
| 952 | |t č. 1-12 |a SNK |b SNK |y PREZ |7 0 |p 17A1145835 |o snkČSB 4323/16/2007 D1 |i snk2015/24191 |8 0 |z Od č. 2 označený ako roč. 17 |0 0 |1 0 |4 0 |d 2015-08-11 |l 0 |r 2026-02-21 19:46:21 |w 2026-02-21 | ||
| 952 | |t č. 1-12 |a SNK |b SNK |y PREZ |7 0 |p 17A1145836 |o snkČSB 4323/18/2008 |i snk2015/24193 |8 0 |f 1 |0 0 |1 0 |4 0 |d 2015-08-11 |l 0 |r 2026-02-21 19:46:21 |w 2026-02-21 | ||
| 952 | |t č. 1-12 |a SNK |b SNK |y PREZ |7 0 |p 17A1145837 |o snkČSB 4323/18/2008 D1 |i snk2015/24194 |8 0 |0 0 |1 0 |4 0 |d 2015-08-11 |l 0 |r 2026-02-21 19:46:21 |w 2026-02-21 | ||
| 952 | |t č. 1-12 |a SNK |b SNK |y PREZ |7 0 |p 17A1145838 |o snkČSB 4323/19/2009 |i snk2015/24199 |8 0 |f 1 |0 0 |1 0 |4 0 |d 2015-08-11 |l 0 |r 2026-02-21 19:46:21 |w 2026-02-21 | ||
| 952 | |t č. 1-12 |a SNK |b SNK |y PREZ |7 0 |p 17A1145839 |o snkČSB 4323/19/2009 D1 |i snk2015/24200 |8 0 |0 0 |1 0 |4 0 |d 2015-08-11 |l 0 |r 2026-02-21 19:46:21 |w 2026-02-21 | ||
| 952 | |t č. 1-12 |a SNK |b SNK |y PREZ |7 0 |p 17A1145840 |o snkČSB 4323/20/2010 |i snk2015/24206 |8 0 |f 1 |0 0 |1 0 |4 0 |d 2015-08-11 |l 0 |r 2026-02-21 19:46:21 |w 2026-02-21 | ||
| 952 | |t č. 1-12 |a SNK |b SNK |y PREZ |7 0 |p 17A1145841 |o snkČSB 4323/20/2010 D1 |i snk2015/24207 |8 0 |z V č. 1 chýba str. č. 3 |0 0 |1 0 |4 0 |d 2015-08-11 |l 0 |r 2026-02-21 19:46:21 |w 2026-02-21 | ||
| 952 | |t č. 1-12 |a SNK |b SNK |y PREZ |7 0 |p 17A1145842 |o snkČSB 4323/21/2011 |i snk2015/24214 |8 0 |f 1 |0 0 |1 0 |4 0 |d 2015-08-11 |l 0 |r 2026-02-21 19:46:21 |w 2026-02-21 | ||
| 952 | |t č. 1-12 |a SNK |b SNK |y PREZ |7 0 |p 17A1145843 |o snkČSB 4323/21/2011 D1 |i snk2015/24215 |8 0 |0 0 |1 0 |4 0 |d 2015-08-11 |l 0 |r 2026-02-21 19:46:21 |w 2026-02-21 | ||
| 952 | |t č. 1-12 |a SNK |b SNK |y PREZ |7 0 |p 17A1145844 |o snkČSB 4323/22/2012 |i snk2015/24219 |8 0 |f 1 |0 0 |1 0 |4 0 |d 2015-08-11 |l 0 |r 2026-02-21 19:46:21 |w 2026-02-21 | ||
| 952 | |t č. 1-12 |a SNK |b SNK |y PREZ |7 0 |p 17A1145845 |o snkČSB 4323/22/2012 D1 |i snk2015/24221 |8 0 |0 0 |1 0 |4 0 |d 2015-08-11 |l 0 |r 2026-02-21 19:46:24 |w 2026-02-21 | ||
| 952 | |t č. 1-12 |a SNK |b SNK |y PREZ |7 0 |p 17A1145846 |o snkČSB 4323/23/2013 |i snk2015/24229 |8 0 |f 1 |0 0 |1 0 |4 0 |d 2015-08-11 |l 0 |r 2026-02-21 19:46:24 |w 2026-02-21 | ||
| 952 | |t č. 1-12 |a SNK |b SNK |y PREZ |7 0 |p 17A1145847 |o snkČSB 4323/23/2013 D1 |i snk2015/24230 |8 0 |0 0 |1 0 |4 0 |d 2015-08-11 |l 0 |r 2026-02-21 19:46:24 |w 2026-02-21 | ||
| 952 | |t č. 1-12 |a SNK |b SNK |y PREZ |7 0 |p 17A1145848 |o snkČSB 4323/24/2014 |i snk2015/24234 |8 0 |f 1 |0 0 |1 0 |4 0 |d 2015-08-11 |l 0 |r 2026-02-21 19:46:24 |w 2026-02-21 | ||
| 952 | |t č. 1-12 |a SNK |b SNK |y PREZ |7 0 |p 17A1145849 |o snkČSB 4323/24/2014 D1 |i snk2015/24235 |8 0 |0 0 |1 0 |4 0 |d 2015-08-11 |l 0 |r 2026-02-21 19:46:24 |w 2026-02-21 | ||
| 952 | |t č. 1-12 |a SNK |b SNK |y PREZ |7 0 |p 17A1349209 |o snkČSB 4323/1/1992 D1 |i snkČSP 3296/94 |0 0 |1 0 |4 0 |d 2023-09-18 |l 0 |r 2026-02-21 19:49:28 |w 2026-02-21 | ||
| 952 | |t č. 1-12 |a SNK |b SNK |y PREZ |7 0 |p 17A1524626 |o snkČSB 4323/30/2020 D1 |i snk2024/16933 |8 1 |0 0 |1 0 |4 0 |d 2024-11-06 |l 0 |r 2026-02-21 19:52:37 |w 2026-02-21 | ||
| 952 | |t č. 1-12 |a SNK |b SNK |y PREZ |7 0 |p 17A1519968 |o snkČSB 4323/30/2020 |i snk2023/4614 |8 0 |0 0 |1 0 |4 0 |d 2023-03-16 |l 0 |r 2026-02-21 20:10:05 |w 2026-02-21 | ||
| 952 | |t č. 1-12 |a SNK |b SNK |y PREZ |7 0 |p 17A1519969 |o snkČSB 4323/31/2021 |i snk2023/4615 |8 0 |0 0 |1 0 |4 0 |d 2023-03-16 |l 0 |r 2026-02-21 20:10:05 |w 2026-02-21 | ||
| 952 | |t č. 1-12 |a SNK |b SNK |y PREZ |7 0 |p 17A1519970 |o snkČSB 4323/32/2022 |i snk2023/4616 |8 0 |0 0 |1 0 |4 0 |d 2023-03-16 |l 0 |r 2026-02-21 20:10:05 |w 2026-02-21 | ||
| 952 | |t č. 1-12 |a SNK |b SNK |y PREZ |7 0 |p 17A1465698 |o snkČSB 4323/29/2019 D1 |i snk2023/4334 |8 0 |0 0 |1 0 |4 0 |d 2023-03-14 |l 0 |r 2026-02-21 20:10:52 |w 2026-02-21 | ||
| 952 | |t č. 1-12 |a SNK |b SNK |y PREZ |7 0 |p 17A0330193 |o snkČSB 4323/7/1998 |i snkČSP 620/99 |f 1 |0 0 |1 0 |4 0 |d 2002-01-25 |l 0 |r 2005-01-02 00:00:00 |w 2026-02-21 | ||
| 952 | |t č. 4-12 |a SNK |b SNK |y PREZ |7 3 |p 17A1204154 |o snkČSB 4323/12/2003/2 |i snk2019/30282 |8 0 |0 0 |1 0 |4 0 |d 2019-11-22 |l 0 |r 2026-02-21 21:53:30 |w 2026-02-21 | ||
| 952 | |t č. 1-12 |a SNK |b SNK |y PREZ |7 0 |p 17A1098360 |o snkČSB 4323/25/2015 |i snk2016/6639 |8 0 |f 1 |0 0 |1 0 |4 0 |d 2016-03-08 |l 0 |r 2026-02-21 22:02:48 |w 2026-02-21 | ||
| 952 | |t č. 1-12 |a SNK |b SNK |y PREZ |7 0 |p 17A1098359 |o snkČSB 4323/25/2015 D1 |i snk2016/6640 |8 0 |0 0 |1 0 |4 0 |d 2016-03-08 |l 0 |r 2026-02-21 22:02:48 |w 2026-02-21 | ||
| 952 | |t č. 1-12 |a SNK |b SNK |y PREZ |7 0 |p 17A1367707 |o snkČSB 4323/26/2016 |i snk2019/13696 |8 0 |0 0 |1 0 |4 0 |d 2019-05-17 |l 0 |r 2026-02-21 22:07:03 |w 2026-02-21 | ||
| 952 | |t č. 1-12 |a SNK |b SNK |y PREZ |7 0 |p 17A1367585 |o snkČSB 4323/27/2017 |i snk2019/13697 |8 0 |0 0 |1 0 |4 0 |d 2019-05-17 |l 0 |r 2026-02-21 22:07:03 |w 2026-02-21 | ||
| 952 | |t č. 1-12 |a SNK |b SNK |y PREZ |7 0 |p 17A1367586 |o snkČSB 4323/28/2018 |i snk2019/13698 |8 0 |0 0 |1 0 |4 0 |d 2019-05-17 |l 0 |r 2026-02-21 22:07:03 |w 2026-02-21 | ||
| 952 | |t č. 1-12 |a SNK |b SNK |y PREZ |7 0 |p 17A1367587 |o snkČSB 4323/26/2016 D1 |i snk2019/13700 |8 0 |0 0 |1 0 |4 0 |d 2019-05-17 |l 0 |r 2026-02-21 22:07:03 |w 2026-02-21 | ||
| 952 | |t č. 1-12 |a SNK |b SNK |y PREZ |7 0 |p 17A1367588 |o snkČSB 4323/27/2017 D1 |i snk2019/13701 |8 0 |0 0 |1 0 |4 0 |d 2019-05-17 |l 0 |r 2026-02-21 22:07:03 |w 2026-02-21 | ||
| 952 | |t č. 1-12 |a SNK |b SNK |y PREZ |7 0 |p 17A1367589 |o snkČSB 4323/28/2018 D1 |i snk2019/13703 |8 0 |0 0 |1 0 |4 0 |d 2019-05-17 |l 0 |r 2026-02-21 22:07:12 |w 2026-02-21 | ||
| 952 | |t č. 1-12 |a SNK |b SNK |y PREZ |7 0 |p 17A1150268 |o snkČSB 4323/8/1999 D1 |i snk2004/2590 |8 0 |0 0 |1 0 |4 0 |d 2016-05-06 |l 0 |r 2026-02-21 22:16:46 |w 2026-02-21 | ||
| 952 | |t č. 1-12, neúplné |a SNK |b SNK |y PREZ |7 0 |p 17A1207194 |o snkČSB 4323/11/2002 D1 |i snkČSP 2586/2004 |z Chýba č. 3, 4 |0 0 |1 0 |4 0 |d 2017-06-13 |l 0 |r 2026-02-21 22:18:18 |w 2026-02-21 | ||
| 952 | |t č. 1-12 |a SNK |b SNK |y PREZ |7 0 |p 17A1432913 |o snkČSB 4323/29/2019 |i snk2020/20119 |8 0 |0 0 |1 0 |4 0 |d 2020-10-29 |l 0 |r 2026-02-21 22:23:33 |w 2026-02-21 | ||


